If Country Flags Were... Slightly More Ridiculous - Statistics

General Stats
  • This quiz has been taken 20,883 times
  • The average score is 15 of 16
Answer Stats
Picture Hint Answer % Correct
the maple leaf is tripled Canada
100%
50 diamonds, not stars United States
100%
4 tiny stars per small star China
99%
red circle → ketchup splat Japan
99%
the sun has sunglasses on Argentina
98%
pasta takes over Italy
98%
blue globe → 🥶 Brazil
97%
the wheel doesn't cooperate India
96%
Star of David → olive tree Israel
96%
roadway with parking spots Norway
96%
crescent moon → banana Turkey
94%
cedar tree → broccoli Lebanon
93%
white dragon → Rayquaza Bhutan
86%
trident → cutlery Barbados
83%
now it's just rainbow stripes Seychelles
78%
it's smiling at you Mauritania
67%
No matching quizzes found
Score Distribution
Percent of People with Each Score
Percentile by Number Answered
Your Score History
You have not taken this quiz